000 01555nam a2200313 a 4500
001 BRCA_8684
005 20190320210352.0
008 081216s1765----sp-#######---#000-0#spa-#
041 _aspa
044 _asp
050 4 _aUA782
_b.P67
_c1765
100 1 _aPortugues, Joseph Antonio
_921653
245 1 0 _aColección general de las ordenanzas militares sus innovaciones y aditamentos dispuesta en diez tomos con separación de clases
_cJoseph Antonio Portugues.
260 _aMadrid
_bImprenta de Antonio Marin
_c1765
300 _aT. VI, 925 p.
_c21 cm
500 _aFondo antiguo
500 _aSe encuentra en Caja Fuerte
500 _aLM-17 (19-32)
500 _aIncluye índice de los títulos de este tomo, índice de los documentos que comprende este tomo dividido en quatro títulos
500 _aUso de letras capitulares
500 _aNota de encuadernación: piel pergamino sobre cartón, el cuerpo de la encuadernación se encuentra desprendido del lomo, algunos cuadernillos están sueltos
505 0 _aContiene: Tomo VI. Comprehende las ordenanzas que corresponden al Real cuerpo de Artilleria, e ingenieros, arbritos aplicados a obras de fortificación y academias de matematicas para la tropa. desde el año de 1553 hasta el de 1758
506 0 _aFondo reservado: para su consulta es necesario credencial de usuario y carta de motivos
650 1 4 _aEjército
_eRegulaciones
_zEspaña
_921654
650 1 4 _aLeyes militares
_zEspaña
_921655
650 1 4 _aEducación militar
_zEspaña
_921656
902 _aLAR
942 _2lcc
_cB
999 _c8339
_d8339